[Event "It (open)"]
[Site "Obrenovac (Serbia)"]
[Date "2008.11.28"]
[Round "2"]
[White "Zivanovic Natalija (SRB)"]
[Black "Djurdjevic Petar (SRB)"]
[Result "0-1"]
[WhiteElo "1594"]
[BlackElo "2000"]

1.d4 Nf6 2.c4 d6 3.Nf3 Bg4 4.e3 Bxf3 5.Qxf3 c6 6.Bd3 Nbd7 7.O-O g6 8.Nc3 e5
9.d5 cxd5 10.cxd5 a6 11.e4 b5 12.a4 b4 13.Nd1 Nc5 14.Bg5 Bg7 15.Bc2 h6 16.Bxf6
Bxf6 17.a5 O-O 18.Ne3 Bg5 19.Nc4 Rb8 20.Nb6 Rb7 21.Ba4 f5 22.exf5 gxf5 23.Qh5
Rg7 24.g3 e4 25.Kh1 Bf6 26.Nc4 Rg5 27.Qxh6 Rf7 28.Qh3 f4 29.Rg1 f3 30.Qf1 Rh5
{#R} 0-1

[Event "Ch SibFO (team)"]
[Site "Berdsk (Russia)"]
[Date "2008.11.29"]
[Round "3"]
[White "Mikhalchenko Petr (RUS)"]
[Black "Korobkin Maxim (RUS)"]
[Result "1-0"]
[WhiteElo "2356"]
[BlackElo "2333"]

1.d4 d6 2.Nf3 Bg4 3.c4 Nf6 4.Qb3 Qc8 5.h3 Bxf3 6.Qxf3 Nbd7 7.e3 g6 8.g4 h6
9.Nc3 Bg7 10.Rb1 c5 11.b4 cxd4 12.exd4 O-O 13.h4 h5 14.g5 Ng4 15.Qd3 e5 16.d5
e4 17.Nxe4 Nde5 18.Qe2 Re8 19.Bg2 Nxc4 20.O-O b5 21.Rb3 Qf5 22.Qf3 Qxf3
23.Bxf3 f5 24.gxf6 Bxf6 25.Bg5 Bg7 26.Nc3 Bf6 27.Ne2 Nge5 28.Ng3 Nxf3+ 29.Rxf3
Re5 30.Rd1 Nb2 31.Rc1 Nc4 32.Rd3 Nb2 33.Re3 Rxe3 34.fxe3 Nc4 35.Ne2 Be5 36.Nf4
Bxf4 37.Bxf4 Kg7 38.a4 Kf7 39.Ra1 bxa4 40.Rxa4 Nb6 41.Ra5 Ke7 42.b5 a6 43.Rxa6
{#r} 1-0

[Event "Ch Egypt (team) 2008/09"]
[Site "Egypt"]
[Date "2008.12.12"]
[Round "7"]
[White "Fahmy Osama (EGY)"]
[Black "Salama Samir (EGY)"]
[Result "1-0"]
[WhiteElo "2187"]
[BlackElo "2112"]

1.d4 Nf6 2.Nf3 d6 3.c4 Bg4 4.Nbd2 Nbd7 5.g3 e5 6.Bg2 Be7 7.O-O O-O 8.b3 c6
9.dxe5 dxe5 10.Bb2 Qc7 11.Qc2 Rad8 12.Rfe1 Rfe8 13.h3 Bh5 14.Nh4 Qb6 15.e3 Bb4
16.g4 Qa5 17.Red1 Bg6 18.Nxg6 hxg6 19.a3 Bd6 20.b4 Qc7 21.g5 Nh7 22.c5 Be7
23.h4 Nhf8 24.Qc4 Ne6 25.Nf3 Bf8 26.Bh3 b6 27.cxb6 Nxb6 28.Qe4 Nd7 29.Rd2 Kh7
30.h5 c5 31.hxg6+ fxg6 32.Nh4 Nd4 33.Qxg6+ Kh8 34.exd4 cxd4 35.Bxd7 Qxd7
36.Qh5+ Kg8 37.g6 Bd6 38.Nf5 {#r} 1-0

[Event "Memorial Kirov (open)"]
[Site "Sofia (Bulgaria)"]
[Date "2009.01.04"]
[Round "3"]
[White "Kukov Velislav (BUL)"]
[Black "Janev Evgeni (BUL)"]
[Result "0-1"]
[WhiteElo "2350"]
[BlackElo "2461"]

1.Nf3 d6 2.d4 Nf6 3.c4 Bg4 4.Nc3 Nbd7 5.e4 e5 6.Be2 g6 7.Bg5 Bg7 8.dxe5 dxe5
9.O-O O-O 10.b4 Bxf3 11.Bxf3 c6 12.Qd6 Re8 13.c5 Nf8 14.Rfd1 h6 15.Bxf6 Qxf6
16.Qxf6 Bxf6 17.Bg4 h5 18.Bh3 Be7 19.Rab1 a5 20.bxa5 Reb8 21.Bd7 Bxc5 22.Ne2
Ra6 23.g3 Ba7 24.Rxb7 Rxb7 25.Bc8 Bxf2+ 26.Kxf2 Rba7 27.Bxa6 Rxa6 28.a4 Rxa5
29.Ra1 Ne6 30.Ke3 Kf8 31.Nc3 Nd4 32.Rb1 Ke7 {#R} 0-1

[Event "Memorial Kirov (open)"]
[Site "Sofia (Bulgaria)"]
[Date "2009.01.07"]
[Round "6"]
[White "Aleksandrov Vladimir A (RUS)"]
[Black "Kirchev Krasimir (BUL)"]
[Result "1-0"]
[WhiteElo "2322"]
[BlackElo "2101"]

1.Nf3 Nf6 2.c4 d6 3.d4 Bg4 4.Qb3 Qc8 5.h3 Bh5 6.Nbd2 Nbd7 7.g4 Bg6 8.Bg2 c6
9.Nh4 Qc7 10.f4 e6 11.e4 h6 12.Nxg6 fxg6 13.e5 Ng8 14.Qd3 O-O-O 15.Qxg6 dxe5
16.fxe5 Nb6 17.c5 Na4 18.Qxe6+ Kb8 19.O-O Ne7 20.Nb3 Nc8 21.Rf7 Be7 22.Qc4 b5
23.cxb6 Ncxb6 24.Qxc6 Qxc6 25.Bxc6 Bh4 26.Bf4 {#r} 1-0

[Event "It (open) (b)"]
[Site "Prague (Czech Republic)"]
[Date "2009.01.12"]
[Round "4"]
[White "Galochkin Sergei (RUS)"]
[Black "Tlamsa Radovan (CZE)"]
[Result "1-0"]
[WhiteElo "2037"]
[BlackElo "1761"]

1.Nf3 Nf6 2.c4 d6 3.d4 Bg4 4.Nc3 Nbd7 5.e4 e5 6.Be2 exd4 7.Nxd4 Bxe2 8.Qxe2
Be7 9.O-O Ne5 10.Nf5 Bf8 11.f4 Ng6 12.e5 dxe5 13.fxe5 Nd7 14.e6 Nf6 15.e7 Nxe7
16.Bg5 Qd7 17.Bxf6 gxf6 18.Nd5 Kd8 19.Ndxe7 Bxe7 20.Nxe7 Qxe7 21.Rad1+ Ke8
22.Qf3 Qc5+ 23.Kh1 Qc6 24.Qe3+ Qe6 25.Qh6 Rd8 26.Rde1 Rd6 27.Qxf6 Rf8 28.Rxe6+
Rxe6 29.Qd4 b6 30.Rd1 Rd6 31.Qe5+ Kd7 32.Rxd6+ cxd6 33.Qf5+ Ke7 34.Qxh7 Rc8
35.Qe4+ Kd7 36.Qf5+ Kd8 37.Qxf7 Rc7 38.Qg8+ Kd7 39.h4 Rc5 40.Qf7+ Kc6 41.h5 b5
42.Qe8+ Kb6 43.Qb8+ Ka5 44.Qxa7+ Kb4 45.Qxc5+ Kxc5 46.cxb5 d5 47.h6 {#r} 1-0

[Event "It (open) \"]
[Site "Gibraltar (England)"]
[Date "2009.01.29"]
[Round "3"]
[White "Perez Aleman Pedro Tomas (ESP)"]
[Black "Kandic Milan (SRB)"]
[Result "0-1"]
[WhiteElo "2103"]
[BlackElo "2216"]

1.Nf3 Nf6 2.c4 d6 3.d4 Bg4 4.e3 Nbd7 5.Nbd2 e5 6.Qc2 Be7 7.Bd3 O-O 8.Ng5 h6
9.h3 Be6 10.h4 d5 11.cxd5 Nxd5 12.Bh7+ Kh8 13.Bg8 N7f6 14.Nxe6 fxe6 15.Bxe6
exd4 16.exd4 Nf4 17.Bh3 Bb4 18.Kf1 Qe8 19.Qc4 b5 20.Qxb4 Qe2+ 21.Kg1 Nd3
22.Qc3 Qxf2+ 23.Kh2 Qxh4 24.Rf1 Ng4+ 25.Kh1 Ngf2+ 26.Rxf2 Nxf2+ 27.Kg1 Rae8
28.Nf1 Nxh3+ 29.Qxh3 Rxf1+ {#R} 0-1

[Event "Regionalliga Bayern North-East 2008/09"]
[Site "Bayern (Germany)"]
[Date "2009.02.01"]
[Round "6"]
[White "Seidl Juergen (GER)"]
[Black "Ponnath Lorenz (GER)"]
[Result "1-0"]
[WhiteElo "2170"]
[BlackElo "2093"]

1.d4 Nf6 2.Nf3 d6 3.c4 Bg4 4.Nc3 Nbd7 5.g3 Bxf3 6.exf3 e5 7.Bg2 c6 8.O-O Qc7
9.Re1 O-O-O 10.Be3 Kb8 11.b4 Ka8 12.a4 Be7 13.a5 Nb8 14.Qb3 Qc8 15.a6 b6
16.dxe5 Ne8 17.b5 Rd7 18.bxc6 Nxc6 19.f4 Bd8 20.Qb5 {#r} 1-0

[Event "Czech League 2008/09 (2nd) (e)"]
[Site "Czech Republic"]
[Date "2009.02.22"]
[Round "9"]
[White "Buran Jaroslav (CZE)"]
[Black "Macharacek Simon (CZE)"]
[Result "1/2-1/2"]
[WhiteElo "2182"]
[BlackElo "2169"]

1.d4 Nf6 2.Nf3 d6 3.c4 Bg4 4.g3 Bxf3 5.exf3 g6 6.Bg2 Bg7 7.O-O O-O 8.Nc3 c6
9.f4 d5 10.Qb3 Qc7 11.cxd5 Nxd5 12.Nxd5 cxd5 13.Bxd5 Nc6 14.Bxc6 bxc6 15.Be3
Rab8 16.Qc2 Rfd8 17.Rad1 Rd5 18.Rd3 Qd7 19.Rfd1 e6 20.b3 Rc8 21.Qc4 Rd8
22.R3d2 a5 23.Qa4 Qb7 24.Rc1 R8d6 25.Rc5 Qb6 26.Rc4 h5 27.h4 Bf6 28.Rc5 Kg7
29.Qc4 Qb7 30.Rxd5 cxd5 31.Qa4 Qb4 32.Qxb4 axb4 33.Rc2 Kf8 34.Kf1 Ke8 35.Ke2
Kd7 36.Kd1 Rc6 37.Rxc6 Kxc6 38.Kc2 Kb5 39.Kd3 Be7 40.Bc1 Bd6 41.Kc2 Be7 42.Kd3
{#d} 1/2-1/2

[Event "Memorial I.A.Bocharov (open)"]
[Site "Borisoglebsk (Russia)"]
[Round "1"]
[White "Kornilov Peter (RUS)"]
[Black "Sukhinin Vladislav (RUS)"]
[Result "1-0"]
[WhiteElo "2086"]
[BlackElo "1902"]

1.Nf3 d6 2.d4 Nf6 3.c4 Bg4 4.e3 Nbd7 5.Be2 c5 6.h3 Bxf3 7.Bxf3 Qb6 8.O-O cxd4
9.exd4 Rc8 10.b3 g6 11.Re1 Bg7 12.Bb2 e6 13.Nc3 O-O 14.a4 Ne8 15.Nb5 a5 16.Bc3
e5 17.c5 Qa6 18.cxd6 Nxd6 19.dxe5 Nxb5 20.axb5 Qxb5 21.Rxa5 Qb6 22.Qxd7 Rxc3
23.Rb5 Qa6 24.Rxb7 Qa3 25.e6 Rc1 26.Rd1 Bf6 27.e7 Bxe7 28.Qxe7 {#r} 1-0

[Event "Ch City"]
[Site "Madrid (Spain)"]
[Date "2009.03.04"]
[Round "6"]
[White "Taboas Rodriguez Daniel (ESP)"]
[Black "Longa Yauca Javier (PER)"]
[Result "0-1"]
[WhiteElo "2346"]
[BlackElo "2293"]

1.d4 Nf6 2.Nf3 d6 3.c4 Bg4 4.Qb3 Qc8 5.h3 Bh5 6.g4 Bg6 7.Bg2 c6 8.Nc3 Nbd7
9.Bf4 e6 10.O-O Be7 11.Bg3 Ne4 12.Nxe4 Bxe4 13.Qe3 Bg6 14.Nd2 h5 15.f4 hxg4
16.hxg4 Nf6 17.Qf3 d5 18.cxd5 cxd5 19.Rac1 Qd8 20.f5 exf5 21.gxf5 Bh5 22.Qf4
O-O 23.e3 Be2 24.Rfe1 Nh5 25.Qf2 Nxg3 26.Qxg3 Bh4 27.Qh3 Bxe1 28.Rxe1 Bd3
29.Nb3 Qg5 30.Kf2 Bxf5 31.Qh2 Rfe8 32.Bxd5 Be4 33.Bxe4 Rxe4 34.Nc5 Rh4 35.Qg3
Qf5+ 36.Ke2 Rg4 37.Qf3 Qc2+ 38.Kf1 Rg5 39.Ne4 Rg6 40.d5 Qh2 41.Nf2 Re8 42.e4
Rf6 43.Qg2 Qf4 44.b3 Rc8 45.e5 Rf5 {#R} 0-1

[Event "Ch Czech Republic (juniors) (under 14) (g)"]
[Site "Kouty nad Desnou (Czech Republic)"]
[Date "2009.03.08"]
[Round "2"]
[White "Budikova Katerina"]
[Black "Bartosova Veronika"]
[Result "1-0"]
[WhiteElo "1250"]
[BlackElo "1323"]

1.d4 d6 2.c4 Nf6 3.Nf3 Bg4 4.h3 Bh5 5.Nc3 Nc6 6.Bg5 h6 7.Bh4 Bxf3 8.exf3 e5
9.d5 Nb4 10.a3 Na6 11.Bd3 Be7 12.O-O O-O 13.Qc2 g6 14.Qd2 Kh7 15.f4 Kg7
16.fxe5 Nh5 17.Bxe7 Qxe7 18.exd6 cxd6 19.Rae1 Qh4 20.Re4 Qg5 21.f4 Qf5 22.g4
{#r} 1-0

[Event "Extraliga 2008/09"]
[Site "Czech Republic"]
[Date "2009.03.22"]
[Round "11"]
[White "Lechtynsky Jiri (CZE)"]
[Black "Zvara Petr (CZE)"]
[Result "0-1"]
[WhiteElo "2399"]
[BlackElo "2427"]

1.Nf3 d6 2.d4 Nf6 3.c4 Bg4 4.Nc3 Bxf3 5.exf3 g6 6.f4 Bg7 7.g3 c6 8.Bg2 e6 9.d5
exd5 10.cxd5 c5 11.Qe2+ Kf8 12.O-O Na6 13.f5 Qd7 14.fxg6 hxg6 15.Bf4 Nc7 16.a4
Re8 17.Qc4 Ng4 18.Bxd6+ Qxd6 19.Qxg4 f5 20.Qc4 a6 21.Rfe1 Kf7 22.Rad1 Rxe1+
23.Rxe1 Re8 24.Rxe8 Nxe8 25.a5 Kf8 26.Kf1 Qc7 27.Qa2 Nd6 28.Ne2 Qd7 29.Nc3 Qd8
30.Bf3 Qg5 31.Qb3 Qd8 32.Qa3 Bd4 33.Be2 Qg5 34.Qb3 Qc1+ 35.Kg2 Qe1 36.Qb6
Qxf2+ 37.Kh3 Be5 38.b4 Kg7 39.Qxc5 Qe1 40.b5 Qxc3 41.Qxc3 Bxc3 42.bxa6 bxa6
43.Bxa6 Bxa5 44.g4 Kf6 45.Kg3 Ne4+ 46.Kf3 Nd2+ 47.Ke3 fxg4 48.d6 Kg5 49.Be2
Nb3 50.Ke4 Bd8 {#R} 0-1

[Event "Ch Schleswig Holstein (HT) (b)"]
[Site "Altenholz (Germany)"]
[Date "2009.04.10"]
[Round "9"]
[White "Hartendauer Frank"]
[Black "Vetter Gerhard (GER)"]
[Result "1-0"]
[WhiteElo "1531"]
[BlackElo "1076"]

1.d4 Nf6 2.c4 d6 3.Nf3 Bg4 4.e3 Nbd7 5.Be2 c5 6.d5 g6 7.Nc3 a6 8.O-O Bg7 9.h3
Bf5 10.Bd3 e6 11.Bxf5 exf5 12.Rb1 h6 13.Qc2 O-O 14.a3 Re8 15.b4 b6 16.Bb2 Ne5
17.Nxe5 Rxe5 18.Rfe1 Qe7 19.Qd3 f4 20.Nd1 f3 21.Bxe5 Qxe5 22.e4 Nh5 23.Qxf3
Nf4 24.bxc5 bxc5 25.Rb7 h5 26.Kf1 Bh6 27.g3 f6 28.gxf4 Bxf4 29.Ne3 Rf8 30.Ng2
Bg5 31.h4 Bd2 32.Rd1 Bc3 33.Nf4 Rf7 34.Rb8+ Kh7 35.Rdb1 Ba5 36.Ne6 Bd2 37.R8b7
Kg8 38.Rxf7 Kxf7 39.Qb3 Bb4 40.axb4 Qxe4 41.Re1 Qh1+ 42.Ke2 Qe4+ 43.Kd1 Qg4+
44.f3 Qxh4 45.bxc5 dxc5 46.Qb7+ Ke8 47.Ng7+ {#r} 1-0

[Event "It (open)"]
[Site "Eforie Nord (Romania)"]
[Date "2009.06.24"]
[Round "7"]
[White "Neubauer Martin (AUT)"]
[Black "Badea Bela (ROM)"]
[Result "1/2-1/2"]
[WhiteElo "2414"]
[BlackElo "2485"]

1.d4 d6 2.Nf3 Nf6 3.c4 Bg4 4.Nc3 Bxf3 5.exf3 e6 6.d5 exd5 7.Nxd5 Nxd5 8.Qxd5
c6 9.Qe4+ Be7 10.Bg5 d5 11.cxd5 cxd5 12.Bxe7 Qxe7 13.Qe3 Nc6 14.Bb5 O-O-O
15.O-O {#d} 1/2-1/2

[Event "It (open)"]
[Site "Pula (Croatia)"]
[Date "2009.06.29"]
[Round "3"]
[White "Feletar Darko (CRO)"]
[Black "Mueller Michael (GER)"]
[Result "1-0"]
[WhiteElo "2387"]
[BlackElo "2279"]

1.d4 d6 2.Nf3 Nf6 3.c4 Bg4 4.Nc3 Nbd7 5.e4 e5 6.Be2 Be7 7.O-O O-O 8.Be3 c6
9.Rb1 a5 10.b3 Bh5 11.d5 Ng4 12.Bd2 Bg6 13.Ne1 Ngf6 14.Bf3 cxd5 15.cxd5 Nc5
16.Qe2 b5 17.b4 Na4 18.Nxa4 bxa4 19.Nd3 Nxe4 20.Bxe4 f5 21.Bf3 e4 22.Nf4 exf3
23.Qxf3 Qd7 24.bxa5 Rfc8 25.Bc3 Rc4 26.Ne6 Bf6 27.Bxf6 gxf6 28.Rfc1 Rxc1+
29.Rxc1 Rxa5 30.h4 Ra7 31.h5 Be8 32.Qxf5 Qf7 33.Rc8 h6 34.g4 Qd7 35.Qg6+ {#r}
1-0

[Event "It (open)"]
[Site "Pszczyna (Poland)"]
[Date "2009.07.16"]
[Round "5"]
[White "Kalinin Oleg (UKR)"]
[Black "Sukhimski Vladimir (UKR)"]
[Result "1/2-1/2"]
[WhiteElo "2373"]
[BlackElo "2125"]

1.d4 d6 2.Nf3 Nf6 3.c4 Bg4 4.e3 Nbd7 5.Be2 e5 6.b3 c6 7.O-O Be7 8.Bb2 Qc7
9.Nc3 O-O 10.Nh4 Bxe2 11.Qxe2 Rfe8 12.Nf5 Bf8 13.Qc2 g6 14.Ng3 Bg7 15.Rad1
exd4 16.exd4 Nb6 17.Rfe1 d5 {#d} 1/2-1/2

[Event "It (open)"]
[Site "Bergamo (Italy)"]
[Date "2009.07.18"]
[Round "3"]
[White "Molina Fabrizio (ITA)"]
[Black "Seyfried Claus (GER)"]
[Result "0-1"]
[WhiteElo "2245"]
[BlackElo "1965"]

1.Nf3 Nf6 2.c4 d6 3.d4 Bg4 4.Qb3 Qc8 5.h3 Bh5 6.Bg5 Ne4 7.Bf4 Nd7 8.e3 Bxf3
9.gxf3 Nef6 10.Nc3 e5 11.dxe5 dxe5 12.Bh2 c6 13.Rg1 g6 14.h4 Nc5 15.Qc2 Qe6
16.b4 Ncd7 17.Rb1 Be7 18.c5 a5 19.a3 axb4 20.axb4 b6 21.cxb6 Nxb6 22.Ne4 Ra2
23.Nxf6+ Bxf6 24.Qc5 Bxh4 25.Bh3 Bxf2+ 26.Kd1 Qd5+ {#R} 0-1

[Event "Ch Austria"]
[Site "Jenbach (Austria)"]
[Date "2009.07.25"]
[Round "1"]
[White "Ager Josef (AUT)"]
[Black "Teuschler Alois (AUT)"]
[Result "1-0"]
[WhiteElo "2214"]
[BlackElo "2007"]

1.Nf3 Nf6 2.c4 d6 3.d4 Bg4 4.Nc3 Bxf3 5.gxf3 Nbd7 6.f4 c6 7.Bg2 Qc7 8.e4 e5
9.fxe5 dxe5 10.d5 h6 11.O-O g5 12.Kh1 a6 13.a3 Bc5 14.Bd2 Kf8 15.Rc1 Kg7
16.Qf3 Nf8 17.b4 Ba7 18.Ne2 Ng6 19.Ng3 Nh4 20.Nf5+ Nxf5 21.Qxf5 Rae8 22.c5 Qd7
23.Qxd7 Nxd7 24.d6 Nf8 25.Bc3 Ng6 26.Rfd1 Rd8 27.Bf1 Rhe8 28.Bd2 Nh4 29.Be2
Re6 30.a4 Ng6 31.Be3 Nf4 32.Bc4 Rf6 33.Bf1 Kg6 34.b5 axb5 35.axb5 cxb5 36.Bxb5
Nh3 37.Kg2 g4 38.Ra1 Bb8 39.Ra8 Nf4+ 40.Kf1 Bc7 41.Rxd8 Bxd8 42.Ra1 {#r} 1-0

[Event "It (open)"]
[Site "Pardubice (Czech Republic)"]
[Date "2009.07.26"]
[Round "3"]
[White "Potapov Alexander_ (RUS)"]
[Black "Bystrov Sergej M (RUS)"]
[Result "1-0"]
[WhiteElo "2461"]
[BlackElo "2310"]

1.d4 d6 2.Nf3 Bg4 3.c4 Nf6 4.Qb3 Qc8 5.Nbd2 Nbd7 6.h3 Bh5 7.g4 Bg6 8.Bg2 c6
9.Nh4 e5 10.e3 Be7 11.f4 Ng8 12.Nxg6 hxg6 13.O-O Nh6 14.c5 exd4 15.cxd6 Bxd6
16.Nc4 Be7 17.exd4 O-O 18.Ne5 Kh7 19.f5 g5 20.Re1 Bd6 21.Bxg5 f6 22.Bxh6 fxe5
23.Be3 Qc7 24.g5 Rac8 25.Bd2 Qb6 26.Qg3 Qxd4+ 27.Be3 Qb4 28.a3 Qa5 29.Rad1 Qc7
30.Qh4+ Kg8 31.Qc4+ Kh8 32.Qd3 Bc5 33.Qxd7 Bxe3+ 34.Rxe3 Qb6 35.Re1 Rcd8
36.Qe7 Rxf5 37.Kh1 {#r} 1-0

[Event "Ch Europe (seniors)"]
[Site "Rogaska Slatina (Slovenia)"]
[Date "2009.07.26"]
[Round "5"]
[White "Bogdanov Valentin (UKR)"]
[Black "Vykydal Frantisek (CZE)"]
[Result "1-0"]
[WhiteElo "2395"]
[BlackElo "2219"]

1.d4 Nf6 2.Nf3 d6 3.c4 Bg4 4.Qb3 Bxf3 5.exf3 Qc8 6.Nc3 Nbd7 7.f4 e6 8.Be2 g6
9.Bf3 c6 10.Be3 c5 11.Bxb7 Qd8 12.Bxa8 Qxa8 13.O-O Be7 14.dxc5 dxc5 15.Rad1
O-O 16.Rd2 Rb8 17.Qd1 Nb6 18.b3 a6 19.Qf3 Qxf3 20.gxf3 Nh5 21.Ne4 Rc8 22.Ng3
Ng7 23.Rfd1 h5 24.h3 f5 25.Rd3 Kf7 26.Bd2 Rc6 27.Bc3 h4 28.Ne2 Nh5 29.Be5 Rc8
30.Nc3 Bf6 31.Na4 Nxa4 32.bxa4 Bxe5 33.fxe5 g5 34.Rd8 Rxd8 35.Rxd8 Nf4 36.Kh2
Ke7 37.Ra8 Nd3 38.Ra7+ Kd8 39.Rxa6 Nxe5 40.Rxe6 Nxf3+ 41.Kg2 Kd7 42.Rf6 Nd4
43.a5 Kc7 44.Rg6 Nc6 45.Rxg5 Nxa5 46.Rxf5 {#r} 1-0

[Event "Ch Russia (club) (juniors) (under 18)"]
[Site "Rybinsk (Russia)"]
[Date "2009.08.10"]
[Round "9"]
[White "Demidov Mikhail (RUS)"]
[Black "Kopylov Alexander A (RUS)"]
[Result "1-0"]
[WhiteElo "2351"]
[BlackElo "2442"]

1.d4 Nf6 2.c4 d6 3.Nf3 Bg4 4.g3 Bxf3 5.exf3 g6 6.Nc3 Bg7 7.Bg2 O-O 8.O-O Nbd7
9.f4 Rb8 10.d5 a6 11.a4 c6 12.Re1 cxd5 13.cxd5 Nc5 14.Be3 Qa5 15.Ra3 Rfc8
16.Na2 Qd8 17.Bd4 Rc7 18.Rae3 Kf8 19.Bf3 Rbc8 20.Nc3 Ncd7 21.Be2 Ne8 22.Bf1
Bxd4 23.Qxd4 Ndf6 24.g4 Ng7 25.Rh3 Qd7 26.f5 h5 27.Bd3 Kg8 28.f3 gxf5 29.gxf5
Nxf5 30.Qf4 Ng7 31.Rg3 Rxc3 32.Qh6 Qg4 33.fxg4 Nxg4 34.Qh7+ {#r} 1-0

[Event "Tournament (team) (juniors)"]
[Site "Elista (Russia)"]
[Round "0"]
[White "Utnasanov Adjan"]
[Black "Dulenko Maxim (RUS)"]
[Result "0-1"]
[WhiteElo "2032"]
[BlackElo "2094"]

1.d4 Nf6 2.Nf3 d6 3.c4 Bg4 4.Nc3 Nbd7 5.e4 e5 6.dxe5 dxe5 7.Be2 c6 8.O-O Be7
9.Bg5 Qc7 10.Qc2 Nc5 11.Bxf6 Bxf6 12.b4 Ne6 13.Nd2 Nf4 14.Qd1 Nxe2+ 15.Nxe2
Rd8 16.Qe1 Qd6 17.Nb3 Bxe2 18.Qxe2 Qxb4 19.Rab1 O-O 20.Nd4 Qe7 21.Nf5 Qc7
22.Qe3 b6 23.h3 g6 24.Nh6+ Kg7 25.Ng4 Qe7 26.Nxf6 Qxf6 27.c5 b5 28.Qa3 Qe7
29.Rfc1 Rd4 30.f3 Rfd8 31.Qb3 Rd2 32.Kh1 b4 33.Qc4 Qb7 34.Kh2 R8d4 35.Qb3 Qa6
36.Qe3 Qe2 {#R} 0-1

[Event "Memorial M.Chigorin (open)"]
[Site "St. Petersburg (Russia)"]
[Date "2009.10.20"]
[Round "5"]
[White "Utkin Alexander (RUS)"]
[Black "Pischikov Vadim (RUS)"]
[Result "1/2-1/2"]
[WhiteElo "2160"]
[BlackElo "1959"]

1.d4 d6 2.Nf3 Bg4 3.c4 Nf6 4.Nc3 Bxf3 5.gxf3 Nbd7 6.e4 e5 7.Bg2 c6 8.O-O g6
9.f4 Bg7 10.Be3 O-O 11.fxe5 dxe5 12.d5 c5 13.Bh3 b6 14.Qa4 h5 15.Bg5 a6 16.Qc6
Ra7 17.Rad1 Rc7 18.Qa4 Qa8 19.Rd3 b5 20.cxb5 axb5 21.Qxa8 Rxa8 22.Nxb5 Rb7
23.Bxd7 Nxd7 24.Ra3 Rxa3 25.Nxa3 Rxb2 26.Ra1 Rb4 27.f3 f5 28.Bd2 Rd4 29.Bc3
Rd3 30.Nb5 Rxf3 31.a4 Nb8 {#d} 1/2-1/2

[Event "Ch World (seniors)"]
[Site "Arco (Italy)"]
[Date "2009.10.29"]
[Round "3"]
[White "Jorgensen Jorgen (DEN)"]
[Black "Vasiukov Evgeni (RUS)"]
[Result "1/2-1/2"]
[WhiteElo "2314"]
[BlackElo "2485"]

1.Nf3 Nf6 2.c4 d6 3.d4 Bg4 4.Qb3 Qc8 5.Nc3 g6 6.g3 Nc6 7.Be3 Bxf3 8.exf3 Bg7
9.Bg2 Nd7 10.f4 O-O 11.O-O Nb6 12.c5 dxc5 13.dxc5 Nd7 14.Rad1 Ndb8 15.Rd2 e6
16.Rfd1 a6 17.Ne2 Ra7 18.Nd4 Ne7 19.Qa3 Nbc6 20.Nxc6 bxc6 21.Qa4 Qb7 22.Bd4
Qb5 23.Qc2 Nd5 24.Bxg7 Kxg7 25.Bf1 Qb7 26.Bc4 a5 27.Bb3 Rb8 28.Ba4 Qa6 29.a3
Raa8 30.Qe4 Re8 31.Qd4+ Kg8 32.Qe4 Kg7 33.Qd4+ Kg8 34.Qe4 Rab8 35.Qc2 Kg7
36.Re1 Red8 37.Red1 Re8 38.Re1 Red8 39.Red1 {#d} 1/2-1/2

[Event "Memorial V.Stopkin (open)"]
[Site "Nikolaev (Ukraine)"]
[Date "2009.11.23"]
[Round "3"]
[White "Kozak Leonid (UZB)"]
[Black "Vartapetyan Armen (UKR)"]
[Result "1/2-1/2"]
[WhiteElo "2356"]
[BlackElo "2117"]

1.d4 Nf6 2.c4 d6 3.Nf3 Bg4 4.Qb3 Qc8 5.g3 Nc6 6.d5 Nd8 7.Bg2 g6 8.O-O Bg7
9.Nc3 O-O 10.e4 Bh3 11.Ne1 Bxg2 12.Kxg2 e6 13.f3 b6 14.Bg5 c6 15.Qd1 Re8
16.Qd2 exd5 17.exd5 c5 18.Nd3 Nb7 19.Nf2 h5 20.Rae1 Qd7 21.b3 {#d} 1/2-1/2

[Event "Czech League 2009/10 (2nd) (d)"]
[Site "Czech Republic"]
[Date "2009.12.06"]
[Round "4"]
[White "Jurka Miroslav (CZE)"]
[Black "Vykydal Frantisek (CZE)"]
[Result "1/2-1/2"]
[WhiteElo "2314"]
[BlackElo "2219"]

1.Nf3 d6 2.d4 Nf6 3.c4 Bg4 4.Nc3 Nbd7 5.e4 e5 6.Be2 Be7 7.O-O O-O 8.Be3 Bxf3
9.Bxf3 Ne8 10.Qd2 h6 11.dxe5 dxe5 12.Rfd1 Nef6 13.Nd5 c6 14.Nxf6+ Nxf6 15.Qc3
Qc7 {#d} 1/2-1/2

[Event "Ch Europe (active)"]
[Site "Warsaw (Poland)"]
[Date "2009.12.20"]
[Round "12"]
[White "Lubczynski Rafal (POL)"]
[Black "Worek Joanna (POL)"]
[Result "1-0"]
[WhiteElo "2425"]
[BlackElo "2232"]

1.d4 Nf6 2.c4 d6 3.Nf3 Bg4 4.Nc3 Bxf3 5.exf3 c6 6.f4 e6 7.Bd3 Be7 8.O-O O-O
9.Re1 Nbd7 10.Qf3 Re8 11.Qh3 Bf8 12.Be3 d5 13.c5 b6 14.b4 a5 15.a3 axb4
16.axb4 Rxa1 17.Rxa1 bxc5 18.bxc5 g6 19.Ne2 Bg7 20.f3 Qb8 21.Rb1 Qa7 22.Qh4
Qa3 23.Nc1 Qa4 24.Qf2 Rb8 25.Qc2 Qa7 26.Nb3 Ne8 27.Ra1 Qc7 28.Ra6 Rc8 29.Na5
Nb8 30.Rb6 g5 31.fxg5 e5 32.Bxh7+ Kh8 33.Bf5 Rd8 34.Qf2 Nd7 35.Ra6 Nb8 36.Ra8
Kg8 37.g6 fxg6 38.Bxg6 Nf6 39.Qg3 Nh7 40.Bf5 Nf8 41.Bh6 Qf7 42.Bxg7 Qxg7
43.Qxg7+ Kxg7 44.Nb7 Re8 45.Nd6 Rd8 46.dxe5 {#r} 1-0

[Event "Ch Slovakia (team) 2009/10 (1 liga) East"]
[Site "Slovakia"]
[Date "2010.01.16"]
[Round "6"]
[White "Kovac Lubomir (SVK)"]
[Black "Druska Juraj"]
[Result "0-1"]
[WhiteElo "2199"]
[BlackElo "2125"]

1.d4 Nf6 2.Nf3 d6 3.c4 Bg4 4.h3 Bxf3 5.exf3 e6 6.Nc3 d5 7.Qb3 b6 8.cxd5 Nxd5
9.Bc4 c6 10.O-O Nxc3 11.bxc3 Be7 12.Qc2 Nd7 13.Qe4 Qc7 14.Qg4 O-O 15.Bf4 e5
16.Bh6 Bf6 17.Bd3 exd4 18.Qe4 g6 19.Bxf8 Kxf8 20.Rfe1 Nc5 21.Qe2 Nxd3 22.Qxd3
dxc3 23.Qe3 Kg7 24.f4 Rd8 25.Rac1 Qd6 26.Rc2 c5 27.Qf3 b5 28.f5 c4 29.Rxc3
Bxc3 30.Qxc3+ Qf6 31.Qa5 a6 32.a4 Rd5 33.fxg6 hxg6 34.Rb1 Qd6 35.Qc3+ Kg8
36.Qf3 b4 37.g4 Rd3 38.Qa8+ Kg7 39.Kg2 c3 40.Qc8 Rd1 41.Rxd1 Qxd1 42.Qc5 c2
43.Qe5+ Kh7 44.Qc7 Qd5+ 45.f3 b3 46.h4 b2 47.Qxc2 Qa2 {#R} 0-1

[Event "Extraliga 2009/10"]
[Site "Slovakia"]
[Date "2010.01.23"]
[Round "5"]
[White "Ftacnik Lubomir (SVK)"]
[Black "Mrva Martin (SVK)"]
[Result "1-0"]
[WhiteElo "2568"]
[BlackElo "2471"]

1.d4 Nf6 2.Nf3 d6 3.c4 Bg4 4.g3 Qc8 5.h3 Bxf3 6.exf3 d5 7.Nc3 e6 8.Bg5 Nbd7
9.cxd5 exd5 10.Qe2+ Be7 11.O-O-O c6 12.h4 Qd8 13.Re1 h6 14.Bf4 Nb6 15.Bh3 Kf8
16.Qd3 g6 17.Be5 Nc4 18.f4 Rg8 19.Re2 Nd7 20.h5 Ndxe5 21.fxe5 Rg7 22.hxg6 fxg6
23.f4 Bb4 24.Bg2 h5 25.g4 Bxc3 26.bxc3 Qd7 27.f5 Qe7 28.f6 Qa3+ 29.Kb1 Rh7
30.gxh5 a5 31.e6 Rh6 32.hxg6 {#r} 1-0

[Event "Ch PriFO (open)"]
[Site "Naberezhnye Chelny (Russia)"]
[Date "2010.01.27"]
[Round "9"]
[White "Murzin Lenar (RUS)"]
[Black "Makhmutov Rail (RUS)"]
[Result "0-1"]
[WhiteElo "2170"]
[BlackElo "2156"]

1.d4 Nf6 2.Nf3 d6 3.c4 Bg4 4.Qb3 Qc8 5.g3 Nbd7 6.Bg2 c6 7.O-O e5 8.e3 Be7
9.Nc3 O-O 10.Qc2 Re8 11.h3 Bxf3 12.Bxf3 exd4 13.exd4 Nb6 14.g4 Nxc4 15.g5 Nd7
{#R} 0-1

[Event "It (open) \"]
[Site "Caleta (England)"]
[Date "2010.02.01"]
[Round "7"]
[White "Kuenitz Klaus (GER)"]
[Black "Stanek Stanislav (CZE)"]
[Result "0-1"]
[WhiteElo "1690"]
[BlackElo "2019"]

1.d4 Nf6 2.c4 d6 3.Nf3 Bg4 4.Nfd2 e5 5.h3 Bf5 6.g4 Bxb1 7.Rxb1 exd4 8.Bg2 Nc6
9.Nb3 d5 10.cxd5 Nxd5 11.O-O Nde7 12.Bg5 f6 13.Bf4 g5 14.Bg3 f5 15.gxf5 Nxf5
16.Bxc6+ bxc6 17.Be5 Rg8 18.Qd3 Qd7 19.Bxc7 g4 20.hxg4 Rxg4+ 21.Bg3 Bd6 22.Kh1
Bxg3 23.Qf3 Rh4+ 24.Kg2 Ne3+ 25.Kxg3 Qh3# 0-1